[Event "Barcelona 150 aniversity 4"]
[Site "Barcelona"]
[Date "2019.06.14"]
[Round "8.1"]
[White "Cubeles Marquez, Albert"]
[Black "Solsona Olive, Xavier"]
[Result "1-0"]
[WhiteElo "1692"]
[BlackElo "1842"]
[PlyCount "89"]
[EventDate "2019.04.26"]
[EventType "swiss"]
[EventRounds "9"]
[EventCountry "ESP"]
[SourceTitle "EXT 2024"]
[Source "ChessBase"]
[SourceDate "2023.10.10"]
[SourceVersion "1"]
[SourceVersionDate "2023.10.10"]
[SourceQuality "1"]

1. d4 Nf6 2. Nf3 d5 3. Bg5 Ne4 4. Bh4 g6 5. e3 Bg7 6. Bd3 c5 7. c3 cxd4 8. exd4 0-0 9. Nbd2 f5 10. Qb3 Kh8 11. 0-0 Bh6 12. Bxe4 fxe4 13. Ng5 Rf4 14. Ndxe4 Kg7 15. Nc5 Bxg5 16. Bxg5 Rg4 17. h4 b6 18. Nd3 Ba6 19. Qd1 Re4 20. f3 Bxd3 21. Qxd3 Re6 22. Rfe1 Qd6 23. Rxe6 Qxe6 24. Qd2 Nc6 25. Re1 Qf7 26. Qe3 Re8 27. Qe6 Nd8 28. Qxe7 Qxe7 29. Rxe7+ Rxe7 30. Bxe7 Nc6 31. Bd6 Kf6 32. Kf2 Ke6 33. Be5 b5 34. Ke3 b4 35. g4 Na5 36. cxb4 Nc4+ 37. Kf4 Nxb2 38. b5 Nc4 39. a4 Nb6 40. a5 Nd7 41. Bc7 Nf8 42. Bb8 Kd7 43. Bxa7 Ne6+ 44. Ke5 Nc7 45. b6 1-0

[Event "Barcelona 150 aniversity 4"]
[Site "Barcelona"]
[Date "2019.06.07"]
[Round "7.1"]
[White "Cardenas, Fernando Adrian"]
[Black "Cubeles Marquez, Albert"]
[Result "0-1"]
[WhiteElo "2004"]
[BlackElo "1692"]
[PlyCount "44"]
[EventDate "2019.04.26"]
[EventType "swiss"]
[EventRounds "9"]
[EventCountry "ESP"]
[SourceTitle "EXT 2024"]
[Source "ChessBase"]
[SourceDate "2023.10.10"]
[SourceVersion "1"]
[SourceVersionDate "2023.10.10"]
[SourceQuality "1"]

1. Nf3 d5 2. d4 Nf6 3. c4 e6 4. g3 Be7 5. Bg2 0-0 6. 0-0 Nbd7 7. Nbd2 c5 8. cxd5 exd5 9. Qc2 Re8 10. Rd1 Qb6 11. e3 Bf8 12. b3 cxd4 13. Nxd4 Ne5 14. f3 Bd7 15. Bf1 Bc5 16. Qb2 Rac8 17. Be2 Nc6 18. Nf1 Nxd4 19. exd4 Bb4 20. Be3 Bc3 21. Qa3 Bxa1 22. Rxa1 Rxe3 0-1

[Event "Barcelona Tres Peons-B 47th"]
[Site "Barcelona"]
[Date "2018.06.15"]
[Round "8.4"]
[White "Fernandez Pintado, Xavier"]
[Black "Cubeles Marquez, Albert"]
[Result "0-1"]
[WhiteElo "1629"]
[BlackElo "1781"]
[PlyCount "58"]
[EventDate "2018.04.27"]
[EventType "tourn"]
[EventRounds "9"]
[EventCountry "ESP"]
[SourceTitle "EXT 2024"]
[Source "ChessBase"]
[SourceDate "2023.10.10"]
[SourceVersion "1"]
[SourceVersionDate "2023.10.10"]
[SourceQuality "1"]

1. d4 f5 2. c4 Nf6 3. Nc3 e6 4. Bg5 Be7 5. Bxf6 Bxf6 6. e4 fxe4 7. Nxe4 0-0 8. Nxf6+ Qxf6 9. Nf3 Nc6 10. Be2 e5 11. dxe5 Nxe5 12. 0-0 d6 13. b3 Ng6 14. Nd2 Bd7 15. Bf3 Bc6 16. b4 Ne5 17. Be2 Qg5 18. f3 Qe3+ 19. Kh1 b6 20. Rb1 Rae8 21. Rb3 Qf4 22. Ne4 Bxe4 23. fxe4 Qxe4 24. Rxf8+ Rxf8 25. Bf3 Nxf3 26. Rxf3 Rxf3 27. gxf3 Qxc4 28. Kg2 Qxa2+ 29. Kg3 Qe6 0-1

[Event "Barcelona Tres Peons 47th"]
[Site "Barcelona"]
[Date "2018.01.26"]
[Round "3.7"]
[White "Daguro Dasalla, Armando"]
[Black "Cubeles Marquez, Albert"]
[Result "1-0"]
[WhiteElo "1955"]
[BlackElo "1700"]
[PlyCount "37"]
[EventDate "2018.01.12"]
[EventType "swiss"]
[EventRounds "8"]
[EventCountry "ESP"]
[SourceTitle "EXT 2024"]
[Source "ChessBase"]
[SourceDate "2023.10.10"]
[SourceVersion "1"]
[SourceVersionDate "2023.10.10"]
[SourceQuality "1"]

1. Nf3 Nf6 2. c4 g6 3. Nc3 d5 4. e3 Bg7 5. d4 0-0 6. Qb3 c6 7. cxd5 cxd5 8. Be2 Nc6 9. Bd2 Rb8 10. 0-0 a6 11. Rac1 Qd6 12. Na4 b5 13. Nc5 Ne4 14. Bd1 e5 15. Nxe4 dxe4 16. Nxe5 Bxe5 17. dxe5 Qe6 18. Qxe6 Bxe6 19. Rxc6 1-0

[Event "Barcelona Tres Peons 47th"]
[Site "Barcelona"]
[Date "2018.01.12"]
[Round "1.9"]
[White "Martin Valentin, Francesco"]
[Black "Cubeles Marquez, Albert"]
[Result "1/2-1/2"]
[WhiteElo "1761"]
[BlackElo "1700"]
[PlyCount "66"]
[EventDate "2018.01.12"]
[EventType "swiss"]
[EventRounds "8"]
[EventCountry "ESP"]
[SourceTitle "EXT 2024"]
[Source "ChessBase"]
[SourceDate "2023.10.10"]
[SourceVersion "1"]
[SourceVersionDate "2023.10.10"]
[SourceQuality "1"]

1. e4 c6 2. d4 d5 3. e5 c5 4. c3 Nc6 5. Nf3 Bg4 6. Bb5 e6 7. Nbd2 Nge7 8. h3 Bh5 9. 0-0 Qb6 10. Ba4 0-0-0 11. dxc5 Qxc5 12. Nb3 Qc4 13. Bxc6 Nxc6 14. Re1 Kb8 15. Nbd2 Qc5 16. Qa4 Be7 17. Nd4 Nxd4 18. cxd4 Qb4 19. Qxb4 Bxb4 20. a3 Ba5 21. Nb3 Bxe1 22. Bg5 f6 23. exf6 gxf6 24. Bf4+ Ka8 25. Rxe1 Bf7 26. Nc5 e5 27. dxe5 fxe5 28. Bxe5 Rhe8 29. f4 Rc8 30. Nd7 Rc6 31. Rd1 h5 32. Nf6 Rd8 33. Rd2 b6 1/2-1/2